000 00296nam a2200109Ia 4500
008 171211s9999 xx 000 0 und d
245 _aPaintShop Pro X6 for Photographers
245 _cKen McMahon
260 _c2014
650 _xcinema
856 _uhttp://down.ebook777.com/063/9780415745253.pdf
999 _c348736
_d348736